| 000 | 00464nam a2200181Ia 4500 | ||
|---|---|---|---|
| 008 | 230711s9999||||xx |||||||||||||| ||und|| | ||
| 020 | _a978-0-85709-027-0 | ||
| 041 | _aENG | ||
| 082 |
_a670 _bMA-P |
||
| 100 | _aMajumdar,Abhijit | ||
| 245 | 0 | _aProcess control in textile manufacturing | |
| 250 | _a1st . Ed. | ||
| 260 |
_c2013 _aCamberidge _bWoodhead Publishing Ltd |
||
| 300 | _a492p. | ||
| 650 | _aTextile Engineering | ||
| 700 | _aDas,Apurba | ||
| 942 | _cBK | ||
| 999 |
_c5835 _d5835 |
||